The Role of religious Network in Female Education in Kenya (Record no. 2805)
[ view plain ]
| 000 -LEADER | |
|---|---|
| fixed length control field | 00632nam a22001937a 4500 |
| 003 - CONTROL NUMBER IDENTIFIER | |
| control field | OSt |
| 005 - DATE AND TIME OF LATEST TRANSACTION | |
| control field | 20210721094805.0 |
| 008 - FIXED-LENGTH DATA ELEMENTS--GENERAL INFORMATION | |
| fixed length control field | 210721b ||||| |||| 00| 0 eng d |
| 020 ## - INTERNATIONAL STANDARD BOOK NUMBER | |
| International Standard Book Number | 9966831207 |
| 040 ## - CATALOGING SOURCE | |
| Transcribing agency | ALUPE UNIVERSITY |
| 050 ## - LIBRARY OF CONGRESS CALL NUMBER | |
| Classification number | LC243 |
| Item number | .H56 1995 |
| 100 ## - MAIN ENTRY--PERSONAL NAME | |
| Personal name | Teresa Mbari Hinga |
| 245 ## - TITLE STATEMENT | |
| Title | The Role of religious Network in Female Education in Kenya |
| 260 ## - PUBLICATION, DISTRIBUTION, ETC. | |
| Place of publication, distribution, etc. | Nairobi,Kenya |
| Name of publisher, distributor, etc. | Academy Science |
| Date of publication, distribution, etc. | 1995 |
| 300 ## - PHYSICAL DESCRIPTION | |
| Extent | viii, 15pgs |
| 500 ## - GENERAL NOTE | |
| General note | incl references |
| 650 ## - SUBJECT ADDED ENTRY--TOPICAL TERM | |
| Topical term or geographic name entry element | Women -- Education -- Kenya. Girls Women -- Education -- Kenya. Girls -- Education -- Kenya. |
| 942 ## - ADDED ENTRY ELEMENTS (KOHA) | |
| Source of classification or shelving scheme | |
| Koha item type | Book |
| Suppress in OPAC | PW |
| Withdrawn status | Lost status | Source of classification or shelving scheme | Damaged status | Not for loan | Permanent Location | Current Location | Shelving location | Date acquired | Source of acquisition | Total Checkouts | Full call number | Barcode | Date last seen | Price effective from | Koha item type | Public note |
|---|---|---|---|---|---|---|---|---|---|---|---|---|---|---|---|---|
| AU LIBRARY | AU LIBRARY | Open Shelf | 21.07.2021 | DONATION FROM MOI UNIVERSITY | LC243 .H56 1995 | 28001772 | 21.07.2021 | 21.07.2021 | Book | PW |